Normal view
MARC view
- LCSH: Globalizaion--History - World--history-Intermational economic
Entry Topical Term
001 - CONTROL NUMBER
- control field: 6153
003 - CONTROL NUMBER IDENTIFIER
- control field: JO-AjAnu
005 - DATE AND TIME OF LATEST TRANSACTION
- control field: 20230606071310.0
008 - FIXED-LENGTH DATA ELEMENTS
- fixed length control field: 230606|| aca||aabn | a|a d
040 ## - CATALOGING SOURCE
- Original cataloging agency: JO-AjAnu
- Transcribing agency: JO-AjAnu
150 ## - HEADING--TOPICAL TERM
- Topical term or geographic name entry element: LCSH: Globalizaion--History - World--history-Intermational economic
670 ## - SOURCE DATA FOUND
- Source citation: Work cat.: (JO-AjAnu)3189: Stearns, Peter N, author 6152, GLOBALIZATION IN WORLD HISTORY